000 00607nam a22002297a 4500
003 UA-OsUOA
001 40711
007 ta
008 20080624b un ||||| |||| 00| 0 ukr d
090 _a7(477)
_bМ65
942 _cBK
040 _aUA-OsUOA
_bukr
_cUA-OsUOA
_dUA-OsUOA
245 _aМистецтво кінця XVIII - першої половини XIX століття
_bТ.4
300 _a360 с.
955 _a4
041 _aukr
080 _a7(477)
260 _aК.
_b"Жовтень"
_c1969
246 3 1 _aКн.1
650 7 _a7 Мистецтво. Ігри. Спорт.
_2UDC
999 _c439218
_d439218